• 首页
  • 本馆介绍
  • 公告通知
  • 最新文献
  • 馆藏检索
  • 电子资源
  • 读者导购
  • 参考咨询
  • 我的图书馆
  • 登录
  • 详细信息显示
  • 放入我的书架
  • 预约/预借图书
  • 作者相关作品
  • 分类相关作品
  • 丛书相关作品
  • 出版社相关作品

书目信息

  • 表格格式
  • 工作单格式
  • 卡片格式
题名:
私塾
    
 
作者: 吴丽娟 编著
分册:  
出版信息: 长春   吉林文史出版社  2010
页数: 120页, [1] 页图版
开本: 23cm
丛书名: 中国文化知识读本
单 册:
中图分类: G629.299
科图分类:
主题词: 私塾--Si Shu--简介--中国
电子资源:
ISBN: 978-7-5463-1254-5
000 00920nam 2200277 45
001 012001005063
005 20140104094848.0
010    @a978-7-5463-1254-5@dCNY34.80
099    @aCAL 012010192098
100    @a20100919d2010 em y0chiy50 ea
101 0  @achi
102    @aCN@b220000
105    @aafh z 000yy
106    @ar
200 1  @a私塾@ASi Shu@f编著吴丽娟
210    @a长春@c吉林文史出版社@d2010
215    @a120页, [1] 页图版@c图, 摹真@d23cm
225 2  @a中国文化知识读本@AZhong Guo Wen Hua Zhi Shi Du Ben
330    @a本书介绍了私塾的历史,分为十部分,内容包括:私塾的名称、私塾的起源和发展、私塾教学的特点、私塾的教育内容、私塾的教育方法等。
410  0 @12001@a中国文化知识读本
461  0 @12001 @a中国文化知识读本
606 0  @a私塾@ASi Shu@x简介@y中国
690    @aG629.299@v4
701  0 @a吴丽娟@AWu Li Juan@4编著
801  2 @aCN@b江苏凤凰@c20191020
905    @b1207158-61@dG629.299@e955@f4
    
    私塾/编著吴丽娟.-长春:吉林文史出版社,2010
    120页, [1] 页图版:图, 摹真;23cm.-(中国文化知识读本)
    
    
    ISBN 978-7-5463-1254-5:CNY34.80
    本书介绍了私塾的历史,分为十部分,内容包括:私塾的名称、私塾的起源和发展、私塾教学的特点、私塾的教育内容、私塾的教育方法等。
●
相关链接 在E读中查询图书 在五车中查询图书 在当当中查询图书 在豆瓣中查询图书


正题名:私塾     索取号:G629.299/955         预约/预借

序号 登录号 条形码 馆藏地/架位号 状态 备注
1 1207158   212071586   第一样本阅览室/ [索取号:G629.299/955] 在馆    
2 1207159   212071595   教育系资料室/ [索取号:G629.299/955] 在馆    
3 1207160   212071602   教育系资料室/ [索取号:G629.299/955] 在馆    
4 1207161   212071611   第四借阅区/ [索取号:G629.299/955] 在馆    
唐山师范学院图书馆 欢迎您!
大连网信软件有限公司© 版权所有